000
00301nam a22001217a 4500
040
_c
NUST
082
_a
808.3
_b
AUS
100
_a
Austen , Jane
245
_a
Pride and Prejudice,
260
_a
Pakistan:
_b
National book foundation,
_c
2007.
650
_a
Pride and Prejudice,
_9
123292
942
_2
ddc
_c
BK
999
_c
609522
_d
609522